| 000 | 01472cam a2200313 i 4500 | ||
|---|---|---|---|
| 001 | 16381 | ||
| 003 | DO-SdUEMH | ||
| 005 | 20260211205434.0 | ||
| 007 | ta | ||
| 008 | 211105s2014 dr a|||gr|||| 000 0 spa|d | ||
| 020 | _a9789945885941 | ||
| 040 |
_aDO-SdUEMH _bspa _erda |
||
| 041 | _aspa | ||
| 082 | 1 | 4 |
_mRD _aRD371.782 _bR426e |
| 084 | _b16-00143 | ||
| 100 |
_aVargas, Yira _eaut |
||
| 110 | _aRepública Dominicana: Ministerio de Educación de la República Dominicana | ||
| 245 | 1 | 0 |
_aEstudio de prevalencia, tipología y causas de la violencia en los centros educativos de básica y media de la República Dominicana / _cYira Vargas |
| 260 | _c2014 | ||
| 264 | 0 | 1 |
_aSanto Domingo : _bInstituto Dominicano de Evaluación e Investigación de la Calidad Educativa (IDEICE) : Universidad Iberoamericana (UNIBE), _c2014 |
| 300 |
_a194 páginas : _bilustraciones ; _c26 cm. |
||
| 336 |
_2rdacontent _atexto _btxt |
||
| 337 |
_2rdamedia _asin mediación _bn |
||
| 338 |
_2rdacarrier _avolumen _bnc |
||
| 504 | _aBibliografías en página 39 | ||
| 505 | 1 | _aIntroducción -- Objetivos -- Operacionalización de las variables -- Principales referentes teóricos -- Métodos -- Instrumentos -- Procedimientos -- Resultados -- Discusión general -- Limitaciones del estudio -- Recomendaciones -- Esquema visual de los hallazgos por objetivos -- Conclusión -- Referencias -- Bibliografía -- Anexos -- Tabla -- Instrumentos -- Fotos. | |
| 942 |
_2ddc _cBK _n0 |
||
| 999 |
_c16381 _d16381 |
||